Mujeres indígenas : (Registro nro. 6792)
[ vista simple ]
| 000 -LEADER | |
|---|---|
| fixed length control field | 01328nam a22002657a 4500 |
| 003 - CONTROL NUMBER IDENTIFIER | |
| control field | OSt |
| 005 - DATE AND TIME OF LATEST TRANSACTION | |
| control field | 20200812145415.0 |
| 008 - FIXED-LENGTH DATA ELEMENTS--GENERAL INFORMATION | |
| fixed length control field | 130821s2012 ck ao gr spa |
| 020 ## - INTERNATIONAL STANDARD BOOK NUMBER | |
| International Standard Book Number | 9789587491517 |
| 040 ## - CATALOGING SOURCE | |
| Original cataloging agency | CO-BoUCM |
| Transcribing agency | CO-JMCR |
| 041 0# - LANGUAGE CODE | |
| Language code of text/sound track or separate title | spa |
| 082 04 - DEWEY DECIMAL CLASSIFICATION NUMBER | |
| Classification number | 305.40986 / |
| Item number | R696m |
| Edition number | 23 |
| 100 1# - MAIN ENTRY--PERSONAL NAME | |
| Personal name | Rodrg̕uez, Gloria Amparo, |
| Relator term | autora |
| 9 (RLIN) | 35809 |
| 245 10 - TITLE STATEMENT | |
| Title | Mujeres indígenas : |
| Remainder of title | tejedoras de vida, de paz y de futuro / |
| Statement of responsibility, etc. | Gloria Amparo Rodríguez |
| 260 ## - PUBLICATION, DISTRIBUTION, ETC. | |
| Place of publication, distribution, etc. | Bogotá : |
| Name of publisher, distributor, etc. | Ibñez, |
| Date of publication, distribution, etc. | 2012. |
| 300 ## - PHYSICAL DESCRIPTION | |
| Extent | 122 páginas : |
| Other physical details | ilustraciones, fotografías ; |
| Dimensions | 28 cm. |
| 504 ## - BIBLIOGRAPHY, ETC. NOTE | |
| Bibliography, etc. note | Incluye referencias bibliográficas. |
| 505 0# - FORMATTED CONTENTS NOTE | |
| Formatted contents note | Su voz -- Los tejidos y su significado -- Aporte fundamental de las mujeres indígenas a la herencia cultural -- Su contribución al tejido social -- Forjadoras de la salud -- Tejedoras de la Paz -- Intercambio de saberes -- Las mujeres indígenas en el contexto internacional |
| 520 0# - SUMMARY, ETC. | |
| Summary, etc. | Si solo has venido a ayudarme, puedes regresar a tu casa. Pero si consideras que mi lucha es parte de tu propia supervivencia, entonces tal vez podamos trabajar juntos. |
| 650 24 - SUBJECT ADDED ENTRY--TOPICAL TERM | |
| Topical term or geographic name entry element | Mujeres indígenas |
| General subdivision | Vida social y costumbres |
| Geographic subdivision | Colombia |
| 9 (RLIN) | 35810 |
| 650 24 - SUBJECT ADDED ENTRY--TOPICAL TERM | |
| Topical term or geographic name entry element | Trabajo de la mujer |
| Geographic subdivision | Colombia |
| 9 (RLIN) | 27692 |
| 690 ## - LOCAL SUBJECT ADDED ENTRY--TOPICAL TERM (OCLC, RLIN) | |
| Topical term or geographic name as entry element | Sociologa̕ |
| 9 (RLIN) | 8668 |
| 700 1# - ADDED ENTRY--PERSONAL NAME | |
| Personal name | Rodrg̕uez, Gloria Amparo |
| 9 (RLIN) | 35809 |
| 942 ## - ADDED ENTRY ELEMENTS (KOHA) | |
| Koha item type | Books |
| Source of classification or shelving scheme | Dewey Decimal Classification |
| Withdrawn status | Lost status | Source of classification or shelving scheme | Damaged status | Not for loan | Home library | Current library | Shelving location | Date acquired | Source of acquisition | Total Checkouts | Total Renewals | Full call number | Barcode | Date last seen | Date last checked out | Copy number | Price effective from | Koha item type |
|---|---|---|---|---|---|---|---|---|---|---|---|---|---|---|---|---|---|---|
| Dewey Decimal Classification | Biblioteca Pública José María del Castillo y Rada | Biblioteca Pública José María del Castillo y Rada | General Stacks | 04/15/2018 | Donación | 2 | 1 | 305.40986 / R696m | 201809983 | 06/03/2025 | 05/15/2025 | Ej.1 | 04/15/2018 | Books |